Parameter estimation and inverse problems / (Record no. 175412)

000 -LEADER
fixed length control field 01539 a2200301 4500
003 - CONTROL NUMBER IDENTIFIER
control field Nust
005 - DATE AND TIME OF LATEST TRANSACTION
control field 20220729185149.0
010 ## - LIBRARY OF CONGRESS CONTROL NUMBER
LC control number 2005295471
020 ## - INTERNATIONAL STANDARD BOOK NUMBER
International Standard Book Number 0120656043
035 ## - SYSTEM CONTROL NUMBER
System control number (OCoLC)ocm57470064
040 ## - CATALOGING SOURCE
Transcribing agency Nust
082 00 - DEWEY DECIMAL CLASSIFICATION NUMBER
Classification number 515.357,AST
100 0# - MAIN ENTRY--PERSONAL NAME
Personal name Aster, Richard C.
9 (RLIN) 95829
245 10 - TITLE STATEMENT
Title Parameter estimation and inverse problems /
Statement of responsibility, etc. Richard C. Aster, Brian Borchers, and Clifford H. Thurber.
260 ## - PUBLICATION, DISTRIBUTION, ETC.
Place of publication, distribution, etc. Amsterdam ;
-- Boston :
Name of publisher, distributor, etc. Elsevier Academic Press,
Date of publication, distribution, etc. c2005.
300 ## - PHYSICAL DESCRIPTION
Extent xii, 301 p. :
Other physical details ill. ;
Dimensions 24 cm. +
Accompanying material 1 CD-ROM (4 3/4 in.)
440 #0 - SERIES STATEMENT/ADDED ENTRY--TITLE
Title International geophysics series
Volume/sequential designation ; v. 90
9 (RLIN) 95830
505 ## - FORMATTED CONTENTS NOTE
Formatted contents note Introduction (Page-1), Linear Regression (Page-15), Discretizing Continuous Inverse Problems (Page-41), Rank Deficiency and ILL- Conditioning (Page-55),Tikhonov Regularization (Page-89), Iterative Methods (Page-119), Additional Regularization Techniques (Page-139), Fourier Techniques (Page-153),Nonlinear Regression (Page- 171), Nonlinear Inverse Problems (Page-191), Bayesian Methods (Page-201).
650 #0 - SUBJECT ADDED ENTRY--TOPICAL TERM
Topical term or geographic name entry element Inverse problems (Differential equations)
9 (RLIN) 82495
650 #0 - SUBJECT ADDED ENTRY--TOPICAL TERM
Topical term or geographic name entry element Inversion (Geophysics)
9 (RLIN) 95831
650 #0 - SUBJECT ADDED ENTRY--TOPICAL TERM
Topical term or geographic name entry element Mathematical models.
9 (RLIN) 3646
650 #0 - SUBJECT ADDED ENTRY--TOPICAL TERM
Topical term or geographic name entry element Parameter estimation.
9 (RLIN) 39511
700 1# - ADDED ENTRY--PERSONAL NAME
Personal name Borchers, Brian.
9 (RLIN) 95832
700 1# - ADDED ENTRY--PERSONAL NAME
Personal name Thurber, Clifford H.
9 (RLIN) 95833
856 42 - ELECTRONIC LOCATION AND ACCESS
Materials specified Publisher description
Uniform Resource Identifier <a href="http://www.loc.gov/catdir/enhancements/fy0627/2005295471-d.html">http://www.loc.gov/catdir/enhancements/fy0627/2005295471-d.html</a>
856 42 - ELECTRONIC LOCATION AND ACCESS
Materials specified Table of contents only
Uniform Resource Identifier <a href="http://www.loc.gov/catdir/enhancements/fy0627/2005295471-t.html">http://www.loc.gov/catdir/enhancements/fy0627/2005295471-t.html</a>
942 ## - ADDED ENTRY ELEMENTS (KOHA)
Koha item type Reference
Source of classification or shelving scheme
Holdings
Withdrawn status Lost status Source of classification or shelving scheme Damaged status Not for loan Permanent Location Current Location Shelving location Date acquired Full call number Barcode Date last seen Price effective from Koha item type Public note
          Military College of Signals (MCS) Military College of Signals (MCS) Reference 12/12/2016 515.357,AST MCS32424 12/08/2016 12/12/2016 Reference Almirah No.19, Shelf No.4
© 2023 Central Library, National University of Sciences and Technology. All Rights Reserved.